El periquillo sarniento
Historia de vida de Pedro Sarmiento conocido como el “Periquillo Sarniento” desde su niñez hasta las vivencias en sus trabajos. Se muestra una persona carismática dentro de la sociedad en la que México era dominada por España. El humor es el principal elemento de esta novela además de lecciones de v...
Збережено в:
| Автор: | |
|---|---|
| Формат: | Книга |
| Мова: | Undetermined |
| Опубліковано: |
México, Distrito Federal
Porrúa
1998
|
| Предмети: | |
| Теги: |
Додати тег
Немає тегів, Будьте першим, хто поставить тег для цього запису!
|
MARC
| LEADER | 00000nam a2200000Ia 4500 | ||
|---|---|---|---|
| 008 | 170316s9999 xx 000 0 und d | ||
| 040 | |a cru BVZT | ||
| 090 | |a 860 F-1p | ||
| 100 | |a Fernández de Lizardi, José Joaquín |9 1408 | ||
| 245 | |a El periquillo sarniento | ||
| 260 | |a México, Distrito Federal | ||
| 260 | |b Porrúa | ||
| 260 | |c 1998 | ||
| 300 | |a 472 páginas | ||
| 520 | |a Historia de vida de Pedro Sarmiento conocido como el “Periquillo Sarniento” desde su niñez hasta las vivencias en sus trabajos. Se muestra una persona carismática dentro de la sociedad en la que México era dominada por España. El humor es el principal elemento de esta novela además de lecciones de vida que el autor plasmó para que sirviera, no solo al México actual, sino a las generaciones futuras. | ||
| 650 | |a LITERATURA LATINOAMERICANA |9 15 | ||
| 999 | |c 8659 |d 8659 | ||
| 942 | |c 15 D |h 860 F-1p |2 z | ||
